000 00463nam a2200181Ia 4500
008 100917s9999 xx 000 0 und d
082 _b53913
100 _aबोकील वि. वि.
245 _aझिम झिम
260 _bशेठ हिरजी मोहन
_c1943
300 _a114
365 _b3.75
520 _aकथा
630 _aझिम झिम
650 _aकथा
730 _aझिम झिम
942 _cBOOK
999 _c659307
_d659304